Manual AHMSA para construcción con acero /

Contenido: I) Normas y características a las que se sujetan los aceros fabricados por AHMSA; II) Notación, unidades y esfuerzos permisibles; III) Práctica y tolerancias de laminación; IV) Lista general de productos laminados; V) Regionalización de riesgos naturales en la República Mexicana para el d...

Full description

Saved in:
Bibliographic Details
Corporate Author: Altos Hornos de México
Format: Book
Language:Español
Published: Monterrey, México : Altos Hornos de México, 1996
Subjects:
Tags: Add Tag
No Tags, Be the first to tag this record!

MARC

LEADER 00000nam^a2200000^a^4500
001 000049027
005 20250521000000.0
009 20260310090151.432
037 |a Acervo ITESO - Biblioteca 
041 |a ESP 
082 |a 624. 1821  |b ALT 
110 |a Altos Hornos de México 
240 1 1 |a [Manual AHMSA: construcción de acero] 
245 1 0 |a Manual AHMSA para construcción con acero /  |c Presen. de Alonso Ancira Elizondo. 
264 1 |a Monterrey, México :  |b Altos Hornos de México,  |c 1996 
300 |a IV, 366 p. 
336 |a texto  |b txt  |2 rdacontenido 
337 |a sin mediación  |b n  |2 rdamedio 
338 |a volumen  |b nc  |2 rdasoporte 
520 |a Contenido: I) Normas y características a las que se sujetan los aceros fabricados por AHMSA; II) Notación, unidades y esfuerzos permisibles; III) Práctica y tolerancias de laminación; IV) Lista general de productos laminados; V) Regionalización de riesgos naturales en la República Mexicana para el diseño de estructuras; VI) Fórmulas y diagramas; VII) Dimensiones y propiedades de los perfiles estructurales para diseñar y detallar estructuras; VIII) Remaches, tornillos estándar y de alta resistencia, soldadura, lámina galvanizada y conexiones; IX) Capacidad de carga en perfiles estructurales; X) Datos complementarios, tablas matemáticas y de conversión. 
649 |a XX 
650 |a Acero -  |x Especificaciones -  |x Tema Principal 
650 |a Estructuras de Acero 
650 |a Armaduras (Estructuras) 
650 |a Metales -  |x Manuales 
650 |a Materiales de Construcción 
650 |a Industria Siderúrgica y Metalúrgica 
650 |a Industria de la Construcción 
650 |a Construcción 
650 |a Ingeniería Civil 
910 |a Fondo General 
920 |a Impresos - Libros 
930 |a Obras de Referencia 
905 |a 102 
901 |a 0500005020  |b IT2  |c REF  |u 20250521 
902 |a https://opac.biblio.iteso.mx/vufind/Record/000049027